| 000 | 00573nam a2200217Ia 4500 | ||
|---|---|---|---|
| 003 | GCL | ||
| 008 | 140319s9999 xx 000 0 ara d | ||
| 040 |
_aGCL / _cGCL |
||
| 082 | 0 | 4 |
_a759.4 _bس ا |
| 100 | 1 | _aسيرولا، موريس | |
| 245 | 1 | 0 |
_aالانطباعية / _cسيرولا، موريس |
| 700 | 1 | _aهنرى زغيب | |
| 260 |
_a[S.N] : _bمنشورات عويدان ، _c1982 |
||
| 300 | _a163 | ||
| 490 | _a | ||
| 650 | 0 | 4 | _aالفن |
| 650 | 0 | 4 | _aالرسم |
| 650 | 0 | 4 | _aالرمزية فى الفن |
| 650 | 0 | 4 | _aمدارس |
| 942 |
_2ddc _cBK |
||
| 999 |
_c34970 _d34970 |
||